000 00614nam a2200181Ia 4500
008 100920s9999 xx 000 0 und d
082 _b8930
_a891.43 0
100 _aआनन्दकुमार.
245 _aमनोरंजक कथाएँ.
260 _bराजपाल एण्ड सन्स ,कश्मीरी गेट, दिल्ली.
_c0
300 _a103
_bसाधी
365 _b1.25
520 _aहिंदी.
630 _aमनोरंजक कथाएँ.
650 _aहिंदी.
730 _aमनोरंजक कथाएँ.
942 _cBOOK
999 _c676074
_d676071